कलम अपनी कहानियाँ बड़ों की / (Record no. 56428)

MARC details
000 -LEADER
fixed length control field 01036nam a22002297a 4500
005 - DATE AND TIME OF LATEST TRANSACTION
control field 20110906145651.0
010 ## - LCCN (DPL NO)
LC control number G-001181
020 ## - INTERNATIONAL STANDARD BOOK NUMBER
International Standard Book Number
Terms of availability 25.00
035 ## - SYSTEM CONTROL NUMBER
System control number G-001181
037 ## - SOURCE OF ACQUISITION
Source of stock number/acquisition उपहार
082 ## - DEWEY DECIMAL CLASSIFICATION NUMBER
Classification number
100 ## - MAIN ENTRY--PERSONAL NAME
Personal name व्यथित हृदय
245 ## - TITLE STATEMENT
Title कलम अपनी कहानियाँ बड़ों की /
Statement of responsibility, etc व्यथित हृदय
246 ## - VARYING FORM OF TITLE
Title proper/short title
Remainder of title
260 ## - PUBLICATION, DISTRIBUTION, ETC. (IMPRINT)
Place of publication, distribution, etc नई दिल्ली
Name of publisher, distributor, etc आर्य बुक डिपो
Date of publication, distribution, etc 2005 (पु.मु.)
270 ## - ADDRESS
Address 30, नाईवाला, करोल बाग
City दिल्ली
Postal code 110005
Telephone number
300 ## - PHYSICAL DESCRIPTION
Extent 120पृ.
Other physical details सचित्र
Dimensions 22 सेमी (अजिल्द)
700 ## - ADDED ENTRY--PERSONAL NAME
Personal name
9 (RLIN) 34535
942 ## - ADDED ENTRY ELEMENTS (KOHA)
Source of classification or shelving scheme Dewey Decimal Classification
Item type Children Books
Classification part
Call number suffix व्यथित
Holdings
Withdrawn status Lost status Not for loan Collection code Home library Current library Date acquired Source of acquisition Cost, normal purchase price Full call number Barcode Copy number Cost, replacement price Koha item type
      Fiction Katevara Katevara 06/09/2011 उपहार 25.00 क व्यथित G-001181 1 25.00 Children Books

© Delhi Public Library
Hit Counter
free hit counter